000 01091nam a2200349 i 4500
003 EG-GICUC
005 20260121101713.0
008 260111s2001 ua ||||fr|||| 00| 0 eng d
020 _a9771924036
040 _aEG-GiCUC
_beng
_cEG-GiCUC
_dEG-GiCUC
_erda
041 0 _aeng
082 0 4 _221
_a341.21
_bAH . M
092 0 4 _221
099 _aLaw1 11 2001
100 1 _aAbou-Ei - Wafa, Ahmed.
_eAuthor.
245 1 2 _aA manual on the law of international organizations /
_hAhmed Abou -El-Wafa.
250 _a2ed edition.
264 1 _aCairo :
_bDar - Al-Nahda al-Arabiya,
_c2001.
300 _a617 Page ;
_c24 cm
_billustrations,
336 _2rda content
_atext
337 _2rda media
_aComputer
338 _2rda carrier
_aOnline Resource
504 _aBibliography: pages 200-250.
546 _aText in English
650 0 4 _aPublic international law
_2qrmak
650 0 0 _aOrganizations.
_2qrmak
650 0 0 _aInternational Law.
_2qrmak
651 1 _2qrmak
856 4 0 _uhttps://fll.law.cu.edu.eg/fulltext/bks/test./ENGB11-00017.pdf
905 _a10
942 _2ddc
_cBK
_e21
_n0
999 _c56094
_d56094